[Event "Pan American-ch U14"]
[Site "Guayaquil"]
[Date "2019.07.25"]
[Round "7"]
[White "Munoz Jimenez, Fernando"]
[Black "Gaisinsky, Jacob"]
[Result "1-0"]
[WhiteElo "1340"]
[BlackElo "1161"]
[PlyCount "23"]
[EventDate "2019.07.21"]
[EventType "swiss"]
[EventRounds "9"]
[EventCountry "ECU"]
[SourceTitle "EXT 2020"]
[Source "ChessBase"]
[SourceDate "2019.10.17"]
[SourceVersion "1"]
[SourceVersionDate "2019.10.17"]
[SourceQuality "1"]

1. c4 e5 2. Nc3 Nc6 3. g3 Bc5 4. Bg2 d6 5. d3 a6 6. e3 Nf6 7. Nge2 Ba7 8. 0-0 0-0 9. Rb1 Kh8 10. b4 g5 11. d4 Rg8 12. Ne4 1-0